Biblioteca

Diario de un cura rural / Georges Bernanos ; Jesús Ruiz y Ruiz, Traductor (Registro nro. 40541)

Detalles MARC
000 -LÍDER
Campo fijo de descripción fija 004560000a22001570004500
041 0# - CÓDIGO DE IDIOMA
Código de idioma para texto/pista de sonido o título separado
082 04 - NÚMERO DE CLASIFICACIÓN DECIMAL DEWEY
Número de clasificación G 868 S1922d
001 - NÚMERO DE CONTROL
Campo de control 11175
100 1# - ASIENTO PRINCIPAL--NOMBRE PERSONAL
Nombre personal Bernanos, Georges (1888-1948)
245 10 - TÍTULO
Título del Material Diario de un cura rural / Georges Bernanos ; Jesús Ruiz y Ruiz, Traductor
250 ## - MENCIÓN DE EDICIÓN
Mención de edición 3
260 ## - PUBLICACIÓN, DISTRIBUCIÓN, ETC. (PIE DE IMPRENTA)
Lugar de publicación, distribución, etc. Barcelona, España : Luis de Caralt (ver L. de Caralt)
300 ## - DESCRIPCIÓN FÍSICA
Extensión 286 Pag
500 ## - NOTA GENERAL
Nota General Titulo original : Journal d'un curé de campagne
942 ## - TIPO DE MATERIAL (KOHA)
Tipo de Item KOHA Libros General
Existencias
Estado de Material Estado de Perdido Estado de Dañado No para Préstamo Colección Tomo Biblioteca de Origen Biblioteca Permanente Fecha de Adquisición Total de Préstamos Signatura Topográfica Código de Barras Última vez visto Ejemplar/Existencia Fecha de Remplazo Tipo de Material
        Colección General   Biblioteca FUSBC Biblioteca FUSBC 26/01/2005   G 868 S1922d 10482 12/12/2019 1 26/01/2016 Libros General

Biblioteca FUSBC | Teléfono: (57+4) 349 88 10 Ext. 141| WhatsApp (+57) 3005338115 
E-mail: biblioteca@unisbc.edu.co | Calle 76 87-14 Robledo Palenque, Medellín, Colombia

Con tecnología Koha